| 000 | 00342nam a2200133Ia 4500 | ||
|---|---|---|---|
| 008 | 240624s9999 xx 000 0 und d | ||
| 041 | _aeng | ||
| 082 | _a920 PAT | ||
| 100 | _aPATI BISWAMOY | ||
| 245 | _aBAL GANGADHAR TILAK POPULAR READINGS | ||
| 260 |
_c2011 _aDelhi _bPrimus Books |
||
| 300 | _aix, : 116 : p. : cm. ; 25 | ||
| 365 |
_cRS _b25 |
||
| 999 |
_c21631 _d21631 |
||